| 000 | 01918nam a2200397 i 4500 | ||
|---|---|---|---|
| 003 | DO-SdBNP | ||
| 005 | 20230905144345.0 | ||
| 006 | a||||br|||| 00| 0 | ||
| 007 | ta | ||
| 008 | 230904e1978 dr aobc| |||| 00| 0 spa d | ||
| 040 |
_aDO-SdBNP _bspa _cBNPHU _erda |
||
| 082 | 4 |
_222 _bG887c |
|
| 100 | 1 |
_aLuisa María Altagracia, _930645 _eautora |
|
| 245 | 1 | 0 |
_aCiencias naturales ; ciencias sociales 3º curso: _beducación primaria. / _cLuisa María Altagracia, Argentina Bajarán de Rodríguez, Ma. Victoria Blanchery, Tomasina Espinosa de Rodríguez, Germecinda Llaverías Colón.. [y otros] |
| 246 |
_aCiencias naturales 2º curso: _beducación primaria. |
||
| 246 |
_aCiencias sociales 2º curso: _beducación primaria. |
||
| 264 | 4 |
_aSanto Domingo : _bEDYCA , _c1978 |
|
| 300 |
_a176 páginas : _bIlustraciones, fotografías, mapas, retratos ; _c25 cm. |
||
| 336 |
_2rdacontent _atexto _btxt |
||
| 337 |
_2rdamedia _asin mediación _bn |
||
| 338 |
_2rdacarrier _avolumen _bnc |
||
| 490 | _aEducación Santillana | ||
| 490 |
_aLibro del Alumno ; _x2 |
||
| 505 |
_aCIENCIAS NATURALES.
_tUnidad 1. Los seres vivos.-- Unidad 2. Materia y energía.-- Unidad 3. El Universo.-- Unidad 4. La agricultura.-- |
||
| 505 |
_aCIENCIAS SOCIALES.
_tUnidad 1. Conozcamos nuestro paisaje geográfico.-- Unidad 2. Los períodos de nuestra historia.-- Unidad 3. La familia, la escuela y el municipio.-- |
||
| 590 | _aInventariado 2023 / MF | ||
| 650 | 4 |
_aCiencias naturales _vLibro de texto _984058 |
|
| 650 | 4 |
_aEducación fundamental _vlibro de texto _984059 |
|
| 700 | 1 |
_aBajarán de Rodríguez, Argentina, _eautora _983949 |
|
| 700 | 1 |
_aBlanchery, Ma. Victoria, _eautora _984052 |
|
| 700 | 1 |
_aEspinosa de Rodríguez, Tomasina, _eautora _984053 |
|
| 700 | 1 |
_aLlaverías Colón, Germecinda, _eautora _930647 |
|
| 700 | 1 |
_aMoyano, Celia, _eautora _930648 |
|
| 700 | 1 |
_aSilvente, Ana, _eautora _930649 |
|
| 942 |
_2ddc _cLBS1 |
||
| 999 |
_c54620 _d54620 |
||